2021 NBA Draft: First Round - Statistics

General Stats
  • This quiz has been taken 63 times
  • The average score is 15 of 30
Answer Stats
# Player Drafted By % Correct
1 Cade Cunningham Detroit Pistons
100%
2 Jalen Green Houston Rockets
94%
3 Evan Mobley Cleveland Cavaliers
92%
5 Jalen Suggs Orlando Magic
90%
4 Scottie Barnes Toronto Raptors
90%
6 Josh Giddey Oklahoma City Thunder
80%
7 Jonathan Kuminga Golden State Warriors
78%
8 Franz Wagner Orlando Magic
69%
14 Moses Moody Golden State Warriors
57%
9 Davion Mitchell Sacramento Kings
55%
16 Alperen Sengun Oklahoma City Thunder (traded to Houston Rockets)
53%
19 Kai Jones New York Knicks (traded to Charlotte Hornets)
51%
10 Ziaire Williams New Orleans Pelicans (traded to Memphis Grizzlies)
51%
13 Chris Duarte Indiana Pacers
49%
20 Jalen Johnson Atlanta Hawks
45%
12 Joshua Primo San Antonio Spurs
45%
21 Keon Johnson New York Knicks (traded to Los Angeles Clippers)
45%
15 Corey Kispert Washington Wizards
41%
11 James Bouknight Charlotte Hornets
37%
24 Josh Christopher Houston Rockets
35%
27 Cameron Thomas Brooklyn Nets
33%
18 Tre Mann Oklahoma City Thunder
33%
17 Trey Murphy Memphis Grizzlies (traded to New Orleans Pelicans)
27%
23 Usman Garuba Houston Rockets
27%
22 Isaiah Jackson Los Angeles Lakers (traded to Indiana Pacers)
25%
25 Quentin Grimes Los Angeles Clippers (traded to New York Knicks)
24%
26 Nah'Shon Hyland Denver Nuggets
20%
28 Jaden Springer Philadelphia 76ers
18%
30 Santi Aldama Milwaukee Bucks (traded to Memphis Grizzlies)
18%
29 Day'Ron Sharpe Phoenix Suns
16%
No matching quizzes found
Score Distribution
Percent of People with Each Score
Percentile by Number Answered
Your Score History
You have not taken this quiz